|
|
|
|
| LEADER |
01632nam a2200445 a 4500 |
| 001 |
nkc20152681097 |
| 003 |
CZ PrNK |
| 005 |
20150414115706.0 |
| 007 |
ta |
| 008 |
150302s2014 xr abe e 000 0 cze |
| 015 |
|
|
|a cnb002681097
|
| 020 |
|
|
|a 978-80-87343-14-2
|q (brož.)
|
| 035 |
|
|
|a (OCoLC)907531013
|
| 040 |
|
|
|a ABA001
|b cze
|
| 043 |
|
|
|a e-xr---
|
| 072 |
|
7 |
|a 502
|x Životní prostředí a jeho ochrana
|2 Konspekt
|9 2
|
| 080 |
|
|
|a 528.8
|2 MRF
|
| 080 |
|
|
|a 502.175
|2 MRF
|
| 080 |
|
|
|a (437.3)
|2 MRF
|
| 080 |
|
|
|a (048.8:082)
|2 MRF
|
| 245 |
0 |
0 |
|a Dálkový průzkum Země v ochraně přírody /
|c Přemysl Štych ... [et al.]
|
| 250 |
|
|
|a Vyd. 1.
|
| 260 |
|
|
|a V Praze :
|b Nakladatelství P3K,
|c 2014
|
| 300 |
|
|
|a 30 s. :
|b il. (převážně barev.), mapy, plány ;
|c 25 x 35 cm
|
| 500 |
|
|
|a Na obálce a v tiráži uvedeno: Přemysl Štych, Lucie Kupková (editoři)
|
| 500 |
|
|
|a 200 výt.
|
| 504 |
|
|
|a Obsahuje bibliografii a bibliografické odkazy
|
| 650 |
0 |
7 |
|a dálkový průzkum Země
|7 ph119671
|2 czenas
|
| 650 |
0 |
7 |
|a monitorování životního prostředí
|7 ph122969
|z Česko
|2 czenas
|
| 650 |
0 |
9 |
|a remote sensing
|2 eczenas
|
| 650 |
0 |
9 |
|a environmental monitoring
|z Czechia
|2 eczenas
|
| 655 |
|
7 |
|a kolektivní monografie
|7 fd501537
|2 czenas
|
| 655 |
|
9 |
|a collective monographs
|2 eczenas
|
| 700 |
1 |
|
|a Štych, Přemysl,
|d 1974-
|7 uk2007361601
|4 aut
|4 edt
|
| 700 |
1 |
|
|a Kupková, Lucie
|7 jx20111228013
|4 aut
|4 edt
|
| 910 |
2 |
|
|a BOA001
|b 4-1344.127
|
| 990 |
|
|
|a BK
|
| 995 |
|
|
|a 01
|
| 991 |
|
|
|b 201504
|c NOV
|e n
|
| 996 |
6 |
|
|b 2610627557
|c 4-1344.127
|l MZK
|r Sklad / do 1 hodiny
|n 6
|p p.v.
|w 001497992
|u 000010
|a 1
|e BOA001
|j MZK50
|s P
|